Napjaink nacionalizmusa

Elmentve itt :
Bibliográfiai részletek
Szerző: Eco, Umberto
Adatforrás:Philobibl
Forrásdokumentuma:A Hét, 1990, 40.sz
11 p. p.
Dokumentumtípus: Cikk
Nyelv:magyar
LEADER 00264nab a2200097 c 4500
001 bibDOK00018720
005 20200924121247.7
008 060518s1990 xx hun
100 1 |a Eco, Umberto 
245 1 0 |a Napjaink nacionalizmusa  |c Eco, Umberto 
773 0 |t A Hét, 1990, 40.sz  |g 11 p. p.